<?xml version="1.0" encoding="UTF-8"?>
<collection xmlns:xsi="http://www.w3.org/2001/XMLSchema-instance" xsi:schemaLocation="http://www.loc.gov/MARC21/slim http://www.loc.gov/standards/marcxml/schema/MARC21slim.xsd" xmlns="http://www.loc.gov/MARC21/slim">
 <record>
  <leader>00000cab a22000003a 4500</leader>
  <controlfield tag="001">UP-1685675941123976211</controlfield>
  <controlfield tag="003">Buklod</controlfield>
  <controlfield tag="005">20231008011921.0</controlfield>
  <controlfield tag="006">a     r    |||| u|</controlfield>
  <controlfield tag="007">ta</controlfield>
  <controlfield tag="008">210531s        xx     d | ||r |||||   ||</controlfield>
  <datafield tag="040" ind1=" " ind2=" ">
   <subfield code="a">UPVTC</subfield>
  </datafield>
  <datafield tag="041" ind1="0" ind2=" ">
   <subfield code="a">eng</subfield>
  </datafield>
  <datafield tag="100" ind1="1" ind2=" ">
   <subfield code="a">Bernardo, Allan B.I.</subfield>
   <subfield code="e">author.</subfield>
  </datafield>
  <datafield tag="245" ind1="1" ind2="0">
   <subfield code="a">Toward the rationalization of research on higher education</subfield>
   <subfield code="b">a survey of higher education research in the Philippines</subfield>
   <subfield code="f">(1975-1996)</subfield>
   <subfield code="c">Allan B.I. Bernardo with Jenny E. Sarmiento.</subfield>
  </datafield>
  <datafield tag="264" ind1=" " ind2="1">
   <subfield code="a">Diliman, Quezon City</subfield>
   <subfield code="b">UP Education Research Program Center for Integrative and Development Studies</subfield>
   <subfield code="c">1997.</subfield>
  </datafield>
  <datafield tag="300" ind1=" " ind2=" ">
   <subfield code="a">pp. 3-89</subfield>
   <subfield code="b">tables.</subfield>
  </datafield>
  <datafield tag="520" ind1=" " ind2=" ">
   <subfield code="a">&quot;A survey of higher education researches form 1975 to 1996 was conducted to study the nature, scope, and purpose of researches on the different aspects of higher education, and to characterize the higher education research environment in the Philippines. The survey was conducted to contextualize recent calls for more research that will generate knowledge which will lead to the improvement of the quality of Philippine higher education.</subfield>
  </datafield>
  <datafield tag="520" ind1=" " ind2=" ">
   <subfield code="a">The survey revealed several conspicuous trends: (1) higher education research is mostly conducted by graduate students as part of a degree requirement; (2) many researches address three broad topics which could be considered highly &quot;researchable&quot; but not always significant; (3) most other topic areas receive only a moderate amount of research attention; (4) some very important problem areas are virtually ignored by higher education researches; (5) most researches generate descriptive data on matters of limited scope; (6) very few researches attempt to develop, validate, or spply theory relating to higher education concerns; (7) most researches address very narrow concerns, use very confined designs and restricted samples; and (8) recently, large research institutions and organizations have been conducting large-scale, integrative research studies on many important issues facing higher education.</subfield>
  </datafield>
  <datafield tag="520" ind1=" " ind2=" ">
   <subfield code="a">The possible reasons for and implications of these finding are discussed in light of development directions for higher education as defined by the CHED. The report concludes with a call and prescription for a national research agenda on higher education research that reflects and addresses the constraints found int eh research environment.&quot;</subfield>
  </datafield>
  <datafield tag="650" ind1=" " ind2="0">
   <subfield code="a">Research.</subfield>
  </datafield>
  <datafield tag="700" ind1="1" ind2=" ">
   <subfield code="a">Sarmiento, Jenny E.</subfield>
   <subfield code="e">author.</subfield>
  </datafield>
  <datafield tag="773" ind1="0" ind2=" ">
   <subfield code="t">EDUKASYON</subfield>
   <subfield code="g">3, 1 (Jan-Mar1997).</subfield>
  </datafield>
  <datafield tag="905" ind1=" " ind2=" ">
   <subfield code="a">FI</subfield>
  </datafield>
  <datafield tag="852" ind1=" " ind2=" ">
   <subfield code="a">UPTAC</subfield>
   <subfield code="b">UPTAC</subfield>
  </datafield>
  <datafield tag="942" ind1=" " ind2=" ">
   <subfield code="a">Article</subfield>
  </datafield>
 </record>
</collection>
